00500nam a2200169Ia 450000500170000000800410001702000150005808200130007310000160008624500500010226000320015230000180018450000120020294200060021495200950022099900150031520250109054424.0240331s9999 xx 000 0 und d a0297798030 bBOSa940 aBosher, J.F 4aThe french revolution :ba new interpretation aLondonbGreat Britainc1989 alxi, 353 p ., aA Novel cL 001040708LaWERCLbWERCLcSSCd2024-03-31l0o 940 BOSp1163r2024-03-31w2024-03-31yL c3546d3546